States that Use the Most Stucco - Statistics

General Stats
  • This quiz has been taken 7 times
  • The average score is 8 of 10
Answer Stats
Masons per-capita State % Correct
.00061 Arizona
100%
.00042 California
100%
.00078 Nevada
100%
.00042 New Mexico
100%
.00092 Utah
100%
.00032 Florida
75%
.00017 Hawaii
75%
.00015 Missouri
50%
.00016 Wyoming
50%
.00012 Washington
25%
No matching quizzes found
Score Distribution
Percent of People with Each Score
Percentile by Number Answered
Your Score History
You have not taken this quiz